Представление документа в формате MARC21

Поле Инд. ПП Название Значение
Тип записи a
Библиографический уровень b
001 Контрольный номер RU/IS/BASE/289571718
005 Дата корректировки 20220316114921.9
008 Кодируемые данные 20090305
040 b Код языка каталог. rus
e Правила каталог. PSBO
041 0_ a Код языка текста rus
084 a Индекс другой классификации/Индекс ББК 83.3(4Вел)5; 83.3(2=411.2)5
100 1_ a Автор Макеев М. С.
245 10 a Заглавие Роберт Бернс и Томас Карлейль в поэтическом самоопределении Н. А. Некрасова в середине 1850-х гг.
504 a Библиография Библиогр.: с. 70 - 71
600 14 a Персоналии Некрасов Николай Алексеевич
a Персоналии Бернс Роберт
a Персоналии Карлейль Томас
650 04 a Основная рубрика история литературы
a Основная рубрика литературоведение
a Основная рубрика филологические науки
653 0_ a Ключевые слова XIX век
a Ключевые слова Великобритания
a Ключевые слова личность поэта
a Ключевые слова поэзия
a Ключевые слова поэты
a Ключевые слова Россия
a Ключевые слова стихотворения
a Ключевые слова Шотландия
773 08 t Заглавие источника Вестник Московского университета. Серия 9, Филология
d Дата издания источника 2008
g Прочая информация № 2. - С. 62 - 71
w Контрольный № источника RU/IS/BASE/286474537
901 t Тип документа b